Compás de espera: situación y antecedentes de los beligerantes entre la campaña de Polonia y Francia
محفوظ في:
| المؤلف الرئيسي: | |
|---|---|
| التنسيق: | كتاب |
| اللغة: | الإسبانية |
| منشور في: |
Santiago, Chile
Estado Mayor del Ejército
1966
|
| سلاسل: | Memorial del Ejército de Chile,
330 |
| الموضوعات: | |
| الوسوم: |
إضافة وسم
لا توجد وسوم, كن أول من يضع وسما على هذه التسجيلة!
|
MARC
| LEADER | 00000nam a2200000 a 4500 | ||
|---|---|---|---|
| 001 | UCO2378 | ||
| 003 | CL-VaPUC | ||
| 005 | 20230526074336.0 | ||
| 008 | 000602e19660000CL |||||||||||||||||spa|d | ||
| 999 | |c 288912 |d 288910 | ||
| 040 | |c Pontificia Universidad Católica de Valparaíso | ||
| 082 | 0 | 4 | |a 940.5421 LAS 1966 |2 21 |
| 100 | 0 | |a Laso Jarpa, Renato |e author |9 445536 | |
| 245 | 1 | 0 | |a Compás de espera: |b situación y antecedentes de los beligerantes entre la campaña de Polonia y Francia |
| 260 | |a Santiago, Chile |b Estado Mayor del Ejército |c 1966 | ||
| 300 | |a 166 páginas | ||
| 490 | 0 | |a Memorial del Ejército de Chile, |v 330 | |
| 583 | |a last modification |c 20160912 04:55:13 |k Rodrigo Vera | ||
| 650 | 7 | |a HISTORIA DE EUROPA |2 CL-VaPUC |9 319599 |y SIGLO 20 | |
| 650 | 0 | |a Segunda Guerra Mundial |z POLONIA |z FRANCIA |9 325982 | |
| 852 | |a BIBCUR | ||
| 942 | |c BK |2 ddc | ||
| 945 | |d 20000602 00:00:00 |a rherrera | ||
| 952 | |0 0 |1 0 |2 ddc |4 0 |6 940_542100000000000_LAS_1966 |7 0 |8 A |9 336889 |a BIBHIS |b BIBHIS |d 2019-11-20 |i 1285890 |o 940.5421 LAS 1966 |p 1285890 |r 2025-01-20 |t 1 |w 2019-11-20 |y BK |k HIS | ||